Daňová kontrola

Proces daňovej kontroly od jej začatia až po ukončenie. Ako sa následne brániť dorubeniu dane na základe vykonanej kontroly pomocou riadneho opravného prostriedku (odvolania).

Salvato in:
Dettagli Bibliografici
Autore principale: Drozd, Marián
Natura: Capitolo di libro
Lingua:slovacco
Soggetti:
Tags: Aggiungi Tag
Nessun Tag, puoi essere il primo ad aggiungerne!!

MARC

LEADER 00000naa a2200000 4500
001 0221803
005 20231114104735.9
041 0 |a slo 
044 |a SK 
245 1 0 |a Daňová kontrola  |c Marián Drozd 
520 |a Proces daňovej kontroly od jej začatia až po ukončenie. Ako sa následne brániť dorubeniu dane na základe vykonanej kontroly pomocou riadneho opravného prostriedku (odvolania). 
610 2 0 |a kontrola daňová 
610 2 0 |a úpravy právne 
610 2 0 |a poriadok daňový 
610 2 0 |a prostriedky opravné 
100 1 |a Drozd, Marián